| 000 | 01289nam0a22003011 4500 | ||
|---|---|---|---|
| 001 | rc\4036704 | ||
| 005 | 20250611064410.0 | ||
| 010 |
_bВ пер. _d5 р. _910000 |
||
| 021 |
_aRU _b[46-6158] |
||
| 035 | _a(NLR Aleph) 008096139 | ||
| 090 |
_a9214641 _c9214641 |
||
| 100 | _a20130415d1946 |||y0rusy50 ca | ||
| 101 | 0 | _arus | |
| 102 | _aRU | ||
| 105 | _aa g ||||| | ||
| 200 | 1 |
_aКраткий справочник гальваностега _fсост. В.П. Либер _gпод ред. проф. В.И. Лайнера _gВсес. техн. контора по борьбе с коррозией металлов и применению химически стойких материалов |
|
| 210 |
_aМосква _cИздательство и 1-я типография Машгиза _d1946 _eв Ленинграде |
||
| 215 |
_a103 с. _cсхем. _d16 |
||
| 606 | 1 |
_aГальваностегия _jСправочники _91024587 _3RU\NLR\AUTH\6674407 |
|
| 686 | 0 |
_aК663.054.1я22 _2rubbk |
|
| 700 | 1 |
_aЛибер _bВ.П. _4220 |
|
| 702 | 1 |
_aЛайнер _bВ. И. _gВладимир Ильич _4340 |
|
| 801 | 0 |
_aRU _bNLR _c20130415 _gpsbo |
|
| 801 | 1 |
_aRU _bELAR _c20130415 _2rusmarc |
|
| 801 | 2 |
_aRU _bNLR _c20190215 _2rusmarc |
|
| 852 |
_aNLR _jТ30 Г-1/20 |
||
| 942 | _cBOOK | ||
| 980 | _aNB | ||